00300 a2200109 4500001000700000020000600007040001100013100002000024240007100044245006600115362000900181171215 a  cMagnum aChamon, Jussara10a3º Integrado pre-universitario magnum agostiniano - historialpor10a3º Integrado pre-universitario magnum agostiniano - historia0 a1899